Ganongo's Review of Medical Physiology (Record no. 5133)

MARC details
000 -LEADER
fixed length control field 00585nam a22002177a 4500
003 - CONTROL NUMBER IDENTIFIER
control field OSt
005 - DATE AND TIME OF LATEST TRANSACTION
control field 20260327020003.0
008 - FIXED-LENGTH DATA ELEMENTS--GENERAL INFORMATION
fixed length control field 160901b xxu||||| |||| 00| 0 eng d
020 ## - INTERNATIONAL STANDARD BOOK NUMBER
International Standard Book Number 9781259255380
020 ## - INTERNATIONAL STANDARD BOOK NUMBER
International Standard Book Number 1259255387
040 ## - CATALOGING SOURCE
Transcribing agency DMLN
082 ## - DEWEY DECIMAL CLASSIFICATION NUMBER
Classification number QT18 G157b 2016
100 ## - MAIN ENTRY--PERSONAL NAME
Personal name Barrett, Kim E. [et....al]
9 (RLIN) 10977
245 ## - TITLE STATEMENT
Title Ganongo's Review of Medical Physiology
250 ## - EDITION STATEMENT
Edition statement 25th ed.
260 ## - PUBLICATION, DISTRIBUTION, ETC. (IMPRINT)
Place of publication, distribution, etc. New York; McGraw-Hill, 2016
300 ## - PHYSICAL DESCRIPTION
Extent xi,750p; col.ill: 28cm
504 ## - BIBLIOGRAPHY, ETC. NOTE
Bibliography, etc Answers, & index included
650 ## - SUBJECT ADDED ENTRY--TOPICAL TERM
Topical term or geographic name as entry element Medical Physiology
9 (RLIN) 800
942 ## - ADDED ENTRY ELEMENTS (KOHA)
Source of classification or shelving scheme Other/Generic Classification Scheme
Koha item type Book Bank
Koha issues (borrowed), all copies 1
Holdings
Withdrawn status Lost status Source of classification or shelving scheme Damaged status Not for loan Home library Current library Date acquired Source of acquisition Inventory number Total Checkouts Full call number Barcode Date last seen Koha item type Date last checked out Public note
    Other/Generic Classification Scheme     MUST Main Library MUST Main Library 01/09/2016   16/39649   QT18 G157b 2016 2016-3977 01/09/2016 Book Bank    
    Other/Generic Classification Scheme     MUST Main Library MUST Main Library 01/09/2016   16/39648 1 QT18 G157b 2016 2016-3978 17/04/2023 Book Bank 09/02/2023  
    Other/Generic Classification Scheme     MUST Main Library MUST Main Library 01/09/2016   16/39647 2 QT18 G157b 2016 2016-3979 12/04/2023 Book Bank 07/03/2023  
    Other/Generic Classification Scheme     MUST Main Library MUST Main Library 01/09/2016   16/39646 2 QT18 G157b 2016 2016-3980 27/11/2024 Book Bank 21/10/2024  
    Other/Generic Classification Scheme     MUST Main Library MUST Main Library 01/09/2016   16/39645   QT18 G157b 2016 2016-3981 01/09/2016 Book Bank    
    Other/Generic Classification Scheme     MUST Main Library MUST Main Library 01/09/2016   16/39644 3 QT18 G157b 2016 2016-3982 05/04/2023 Book Bank 19/01/2023  
    Other/Generic Classification Scheme     MUST Main Library MUST Main Library 01/09/2016   16/39643   QT18 G157b 2016 2016-3983 01/09/2016 Book Bank    
    Other/Generic Classification Scheme     MUST Main Library MUST Main Library 01/09/2016   16/39642   QT18 G157b 2016 2016-3984 01/09/2016 Book Bank    
    Other/Generic Classification Scheme     MUST Main Library MUST Main Library 28/03/2018   17/40622 1 QT18 G157b 2016 2018-0219 14/04/2026 Open Shelf 26/03/2026 No Borrowing